| 000 -LEADER |
| fixed length control field |
00518cam a22001697i 4500 |
| 003 - CONTROL NUMBER IDENTIFIER |
| control field |
OSt |
| 005 - DATE AND TIME OF LATEST TRANSACTION |
| control field |
20240716163223.0 |
| 008 - FIXED-LENGTH DATA ELEMENTS--GENERAL INFORMATION |
| fixed length control field |
210122s2021 inua 000 0 eng |
| 020 ## - INTERNATIONAL STANDARD BOOK NUMBER |
| International Standard Book Number |
9781664154001 |
| Qualifying information |
(paperback) |
| 040 ## - CATALOGING SOURCE |
| Original cataloging agency |
DLC |
| Language of cataloging |
eng |
| Description conventions |
rda |
| Transcribing agency |
DLC |
| Modifying agency |
DLC |
| 050 00 - LIBRARY OF CONGRESS CALL NUMBER |
| Classification number |
MLCM 2022/40242 (N) |
| 082 ## - DEWEY DECIMAL CLASSIFICATION NUMBER |
| Classification number |
720 YET |
| 100 1# - MAIN ENTRY--PERSONAL NAME |
| Personal name |
Yetken, Cengiz, |
| Relator term |
author. |
| 245 10 - TITLE STATEMENT |
| Title |
Unlearning architecture : |
| Remainder of title |
Louis I. Kahn graduate studio and office / |
| Statement of responsibility, etc |
Cengiz Yetken. |
| 300 ## - PHYSICAL DESCRIPTION |
| Extent |
xviii, 305 pages : |
| Other physical details |
illustrations ; |
| Dimensions |
23 cm |
| 942 ## - ADDED ENTRY ELEMENTS (KOHA) |
| Source of classification or shelving scheme |
|